| 000 | 00362nam a2200145Ia 4500 | ||
|---|---|---|---|
| 008 | 230917s9999||||xx |||||||||||||| ||und|| | ||
| 040 |
_e126256 _aMAIN |
||
| 041 | _aEnglish | ||
| 082 | _a327.47 I1C | ||
| 100 | _aImam, Zafer | ||
| 245 | 0 | _aColonialism in East - West relations | |
| 260 |
_aNew Delhi _bEastman _c1969 |
||
| 300 | _axii p. ; 531p. | ||
| 942 | _cBK | ||
| 999 |
_c183532 _d183532 |
||